Rompakan rumah tumpangan

Bibliographic Details
Format: Book
Published: Kuala Lumpur : Penerbitan Fargoes , 2005
Series:Siri kisah dan teladan
Subjects:

MARC

LEADER 00000cam a2200000 7i4500
001 0000004820
005 20151222.0
008 070731
020 |a 9831283260 
090 0 0 |a JF   |b MOR JAW (4335) 
245 0 0 |a Rompakan rumah tumpangan 
260 |a Kuala Lumpur :   |b Penerbitan Fargoes ,   |c 2005 
440 |a Siri kisah dan teladan 
500 |a Children ages 7-9 years old (orange) 
650 0 |a Junior fiction   |x jawi 
650 0 |a Moral 
999 |a 0000899538   |b Book   |c Children Collection   |e Cawangan Mersing 
999 |a 0000899541   |b Book   |c Children Collection   |e Cawangan Tangkak 
999 |a 0000899542   |b Book   |c Children Collection   |e Cawangan Tangkak 
999 |a 0000899545   |b Book   |c Children Collection   |e Cawangan Tmn. Ungku Tun Aminah 
999 |a 0000899546   |b Book   |c Children Collection   |e Cawangan Tmn. Ungku Tun Aminah 
999 |a 0000978481   |b Book   |c Children Collection   |e Perbadanan Perpustakaan Awam Johor 
999 |a 0000978482   |b Book   |c Children Collection   |e Perbadanan Perpustakaan Awam Johor 
999 |a 0000978483   |b Book   |c Children Collection   |e Cawangan Batu Pahat 
999 |a 0000978484   |b Book   |c Children Collection   |e Cawangan Urban Transformation Centre